| 000 | 00418 a2200157 4500 | ||
|---|---|---|---|
| 003 | OSt | ||
| 005 | 20240112111336.0 | ||
| 008 | 240112b |||||||| |||| 00| 0 eng d | ||
| 040 | _coclc | ||
| 082 |
_a297 _bMAj/N |
||
| 100 |
_aMajeed, Abdul _92246 |
||
| 245 |
_aNabi charithram / _cAbdul Majeed |
||
| 260 |
_aKerala: _bKNM, _c2016 |
||
| 300 | _a488p | ||
| 942 |
_2ddc _cBK _h297 _iMAJ/N _k297 _mMAJ/N |
||
| 999 |
_c43170 _d43170 |
||